Rozpoznaj kraj po Godle/herbie - Statystyki

Ogólne statystyki
  • Ten quiz został rozwiązany 660 razy
  • Średni wynik to 11 z 15
Statystyki odpowiedzi
Obrazkowy Odpowiedź % Poprawnych
Polska
100%
Hiszpania
94%
Niemcy
94%
Chorwacja
93%
USA
92%
Australia
87%
Rosja
78%
Belgia
75%
Brazylia
70%
Czechy
66%
Afganistan
62%
Peru
41%
Mongolia
37%
Jordania
34%
Algieria
33%
Nie znaleziono quizów pasujących do podanych kryteriów
Rozkład punktacji
Procent ludzi z każdym wynikiem
Percentyl według liczby udzielonych odpowiedzi
Twoja historia wyników
Nie rozwiązałeś tego quizu